ROSÉ - 3AM (All Lyrics) - Statistics

General Stats
  • This quiz has been taken 29 times
  • The average score is 298 of 356
Answer Stats
% Correct
a
100%
and
100%
And
100%
I
100%
it
100%
my
100%
to
100%
3
96%
a.m.​
96%
be
96%
goodnight
96%
it's
96%
just
96%
makeup
96%
on
96%
run
96%
say
96%
Say
96%
Take
96%
The
96%
the
96%
want
96%
When
96%
when
96%
you
96%
cry
91%
no
91%
off
91%
pretty
91%
talk
91%
Talk
91%
that
91%
ugly
91%
I'm
87%
losing
87%
mind
87%
one
87%
again
83%
bad?
83%
bad
83%
but
83%
didn't
83%
Eh
83%
eh
83%
flag
83%
love
83%
me
83%
need
83%
pretend
83%
really
83%
red
83%
saw
83%
see
83%
who
83%
can
78%
'Cause
78%
eyes
78%
Gonna
78%
is
78%
like
78%
roll
78%
bulletproof
74%
shit
74%
their
74%
use
74%
world
74%
always
70%
mother
70%
not
70%
So
70%
so
70%
this
70%
told
70%
Forget
65%
keep
65%
rolling?
65%
there's
65%
we
65%
gives
61%
in
61%
kiss
57%
perfect
57%
story
57%
about
52%
all
52%
anyone
52%
day
52%
face
52%
else
48%
Hold
48%
nothing's
48%
through
48%
with
48%
You're
48%
you're
48%
everything
43%
hell
43%
even
39%
putting
39%
dumb
35%
tongue
35%
Slowly
26%
words
26%
0%
mysеlf
0%
No matching quizzes found
Score Distribution
Percent of People with Each Score
Percentile by Number Answered
Your Score History
You have not taken this quiz